书目信息 |
| 题名: |
卡萨尔斯论演奏艺术
|
|
| 作者: | 布鲁姆 著 ;马思琚 , 汪家宝 译 | |
| 分册: | ||
| 出版信息: | 北京 人民音乐出版社 2003 |
|
| 页数: | 15,254页 | |
| 开本: | 19cm | |
| 丛书名: | ||
| 单 册: | ||
| 中图分类: | J622.3 | |
| 科图分类: | ||
| 主题词: | 大提琴 , 器乐 | |
| 电子资源: | ||
| ISBN: | 7-103-02704-8 | |
| 000 | 01160nam0 2200301 450 | |
| 001 | 002501073 | |
| 005 | 20070806180101.12 | |
| 010 | @a7-103-02704-8@dCNY12.00 | |
| 100 | @a20031112d2003 em y0chiy0110 ea | |
| 101 | 1 | @achi@ceng |
| 102 | @aCN@b110000 | |
| 105 | @ag z 000yd | |
| 200 | 1 | @a卡萨尔斯论演奏艺术@9ka sa er si lun yan zou yi shu@f(美)戴维·布鲁姆(David Blum)著@g马思琚,汪家宝译 |
| 210 | @a北京@c人民音乐出版社@d2003 | |
| 215 | @a15,254页@d19cm | |
| 305 | @aDavid Blum及美国Georges Borchardt, Inc.公司授权出版 | |
| 330 | @a本书是作者与卡萨尔斯相处多年,对其排练、演出和授课进行了二十多年的观察和记录,经整理汇集成书的,它再现了一代大提琴艺术家对音乐表演艺术的理念和追求。 | |
| 510 | 1 | @aCasals and the Art of Interpetation@zeng |
| 600 | 0 | @a卡萨尔斯@c(Casals, Pablo@f1876~1973) |
| 600 | 0 | @a卡萨尔斯@c(Casals, Pablo@f1876~1973)@x大提琴@x器乐@x理论 |
| 606 | 0 | @a大提琴 |
| 606 | 0 | @a器乐 |
| 690 | @aJ622.3@v4 | |
| 701 | 0 | @c(美)@a布鲁姆@9bu lu mu@c(Blum, David@f1935~)@4著 |
| 702 | 0 | @a马思琚@9ma si ju@c(音乐)@4译 |
| 702 | 0 | @a汪家宝@9wang jia bao@c(音乐)@4译 |
| 801 | 0 | @aCN@bNLC@c20070806 |
| 905 | @a10447@dJ622.3@e204 | |
| 卡萨尔斯论演奏艺术/(美)戴维·布鲁姆(David Blum)著/马思琚,汪家宝译.-北京:人民音乐出版社,2003 |
| 15,254页;19cm |
| ISBN 7-103-02704-8:CNY12.00 |
| 本书是作者与卡萨尔斯相处多年,对其排练、演出和授课进行了二十多年的观察和记录,经整理汇集成书的,它再现了一代大提琴艺术家对音乐表演艺术的理念和追求。 |
| ● |
| 相关链接 |
|
|
|
|
正题名:卡萨尔斯论演奏艺术
索取号:J622.3/204
 
预约/预借
| 序号 | 登录号 | 条形码 | 馆藏地/架位号 | 状态 | 备注 |
| 1 | 0804747 | 208047479 | 第一样本阅览室/ [索取号:J622.3/204] | 在馆 | |
| 2 | 0804748 | 208047488 | 第一借阅区/ [索取号:J622.3/204] | 在馆 | |
| 3 | 0804749 | 208047497 | 第一借阅区/ [索取号:J622.3/204] | 在馆 | |
| 4 | 0804751 | 208047512 | 密集书库-音乐系/ [索取号:J622.3/204] | 在馆 |